Normal view
MARC view
- Ordinary Differntial Equations
Entry Topical Term
001 - CONTROL NUMBER
- control field: 122546
003 - CONTROL NUMBER IDENTIFIER
- control field: NUST
005 - DATE AND TIME OF LATEST TRANSACTION
- control field: 20240507102308.0
008 - FIXED-LENGTH DATA ELEMENTS
- fixed length control field: 240507|| aca||aabn | a|a d
040 ## - CATALOGING SOURCE
- Original cataloging agency: NUST
- Transcribing agency: NUST
150 ## - HEADING--TOPICAL TERM
- Topical term or geographic name entry element: Ordinary Differntial Equations
670 ## - SOURCE DATA FOUND
- Source citation: Work cat.: (NUST)609015: Nandakumaran, A.K. 122545, Ordinary Differntial Equations :, 2017
